Saral banijyik aain (Record no. 5637)

MARC details
000 -LEADER
fixed length control field 00487cam a2200193ua 4500
001 - CONTROL NUMBER
control field 6493
005 - DATE AND TIME OF LATEST TRANSACTION
control field 20260515114047.0
008 - FIXED-LENGTH DATA ELEMENTS--GENERAL INFORMATION
fixed length control field 131216n ii |||gr||||Z||||||asm
040 ## - CATALOGING SOURCE
Transcribing agency MAIN
082 ## - DEWEY DECIMAL CLASSIFICATION NUMBER
Classification number 346.07
245 11 - TITLE STATEMENT
Title Saral banijyik aain
Statement of responsibility, etc. By Kamal Chandra Goswami
250 ## - EDITION STATEMENT
Edition statement 1st ed.
260 ## - PUBLICATION, DISTRIBUTION, ETC.
Place of publication, distribution, etc. Guwahati:
Name of publisher, distributor, etc. Bhagawati prakashan,
Date of publication, distribution, etc. 1993.
300 ## - PHYSICAL DESCRIPTION
Extent x,296p.
653 ## - INDEX TERM--UNCONTROLLED
Uncontrolled term Commerce
653 ## - INDEX TERM--UNCONTROLLED
Uncontrolled term Saral banijyik aain
700 1# - ADDED ENTRY--PERSONAL NAME
Personal name Goswami,Kamal chandra,
Relator term Author.
942 ## - ADDED ENTRY ELEMENTS (KOHA)
Koha item type Books
Holdings
Withdrawn status Lost status Damaged status Not for loan Home library Current library Shelving location Date acquired Total checkouts Full call number Barcode Date last seen Copy number Price effective from Koha item type
        Naharkatiya College Library Naharkatiya College Library General stacks 09/19/2020   346.07 | GOS 13740 09/19/2020 1 09/19/2020 Books